Curious George / (Record no. 4224)

MARC details
000 -LEADER
fixed length control field 01342cam a22004097a 4500
001 - CONTROL NUMBER
control field 4224
003 - CONTROL NUMBER IDENTIFIER
control field FISKH
005 - DATE AND TIME OF LATEST TRANSACTION
control field 20250827090050.0
008 - FIXED-LENGTH DATA ELEMENTS--GENERAL INFORMATION
fixed length control field 140521s1993 maua j 000 1 eng d
010 ## - LIBRARY OF CONGRESS CONTROL NUMBER
LC control number 2013404704
020 ## - INTERNATIONAL STANDARD BOOK NUMBER
International Standard Book Number 0395159938 (Reinforced ed.)
020 ## - INTERNATIONAL STANDARD BOOK NUMBER
International Standard Book Number 9780395150238
020 ## - INTERNATIONAL STANDARD BOOK NUMBER
International Standard Book Number 9780395159934 (Reinforced ed.)
020 ## - INTERNATIONAL STANDARD BOOK NUMBER
International Standard Book Number 039515023X (Sandpiper ed.)
020 ## - INTERNATIONAL STANDARD BOOK NUMBER
International Standard Book Number 9780395150238 (Sandpiper ed.)
040 ## - CATALOGING SOURCE
Original cataloging agency GZD
Language of cataloging eng
Transcribing agency GZD
Modifying agency TXA
-- TCA
-- OCL
-- BTCTA
-- OCLCQ
-- OCLCG
-- YDXCP
-- OCLCO
-- OCLCQ
-- OCLCF
-- DLC
050 ## - LIBRARY OF CONGRESS CALL NUMBER
Classification number PZ7.R33
082 ## - DEWEY DECIMAL CLASSIFICATION NUMBER
Classification number 468
100 1# - MAIN ENTRY--PERSONAL NAME
Personal name Rey, H. A.
Fuller form of name (Hans Augusto),
Dates associated with a name 1898-1977.
245 10 - TITLE STATEMENT
Title Curious George /
Statement of responsibility, etc. by H.A. Rey.
260 ## - PUBLICATION, DISTRIBUTION, ETC.
Place of publication, distribution, etc. New York :
Name of publisher, distributor, etc. Houghton Mifflin,
Date of publication, distribution, etc. 1941
300 ## - PHYSICAL DESCRIPTION
Extent 59 pages :
Other physical details color illustrations ;
Dimensions 26 cm
505 ## - FORMATTED CONTENTS NOTE
Formatted contents note G<br/>
520 ## - SUMMARY, ETC.
Summary, etc. The curiosity of a newly-captured monkey gets him into continual trouble.
521 8# - TARGET AUDIENCE NOTE
Target audience note 400<br/>
Source Lexile<br/>
521 8# - TARGET AUDIENCE NOTE
Target audience note G<br/>
Source Raz-Plus<br/>
600 00 - SUBJECT ADDED ENTRY--PERSONAL NAME
Personal name Curious George
Titles and other words associated with a name (Fictitious character)
650 #0 - SUBJECT ADDED ENTRY--TOPICAL TERM
Topical term or geographic name entry element Monkeys
Form subdivision Juvenile fiction.
650 #1 - SUBJECT ADDED ENTRY--TOPICAL TERM
Topical term or geographic name entry element Monkeys
Form subdivision Fiction.
650 #7 - SUBJECT ADDED ENTRY--TOPICAL TERM
Topical term or geographic name entry element Curious George (Fictitious character)
Source of heading or term fast
650 #7 - SUBJECT ADDED ENTRY--TOPICAL TERM
Topical term or geographic name entry element Monkeys.
Source of heading or term fast
655 #7 - INDEX TERM--GENRE/FORM
Genre/form data or focus term Fiction.
Source of term fast
655 #7 - INDEX TERM--GENRE/FORM
Genre/form data or focus term Juvenile works.
Source of term fast
906 ## - LOCAL DATA ELEMENT F, LDF (RLIN)
a 7
b cbc
c copycat
d 2
e ncip
f 20
g y-gencatlg
942 ## - ADDED ENTRY ELEMENTS (KOHA)
Source of classification or shelving scheme Dewey Decimal Classification
Koha item type Books
Suppress in OPAC No
Holdings
Withdrawn status Lost status Source of classification or shelving scheme Damaged status Not for loan Collection Home library Current library Shelving location Date acquired Total Checkouts Full call number Barcode Date last seen Date last checked out Price effective from Koha item type Copy number
    Dewey Decimal Classification     Juvenile Fiction Footprints International School Library Network Toul Kork Campus Footprints International School Library Network Toul Kork Campus TK Primary Library Room(4th Floor), Bookcase 1&2, Shelves 1-16, Dark Blue Books 07/05/2024 2 REY 468 PZ7.R33 FISTK01523 06/06/2025 04/08/2025 07/05/2024 Books  
    Dewey Decimal Classification     Juvenile Fiction Footprints International School Library Network Toul Kork Campus Footprints International School Library Network Toul Kork Campus TK Primary Library Room(4th Floor), Bookcase 1&2, Shelves 1-16, Dark Blue Books 10/10/2024 1 REY 468 PZ7.R33 2024-2115 11/20/2024 11/06/2024 10/10/2024 Books  
    Dewey Decimal Classification     Juvenile Fiction Footprints International School Library Network Toul Tom Poung Campus Footprints International School Library Network Toul Tom Poung Campus TTP Primary Dark Blue Bookshelves 03/27/2025   REY 468 PZ7.R33 2025-0859 03/27/2025   03/27/2025 Books 3
    Dewey Decimal Classification     Juvenile Fiction Footprints International School Library Network Toul Tom Poung Campus Footprints International School Library Network Toul Tom Poung Campus TTP Primary Dark Blue Bookshelves 04/07/2025   REY 468 PZ7.R33 2025-0998 04/07/2025   04/07/2025 Books 4
    Dewey Decimal Classification     Juvenile Fiction Footprints International School Library Network Toul Tom Poung Campus Footprints International School Library Network Toul Tom Poung Campus TTP Primary Dark Blue Bookshelves 08/27/2025 1 REY 468 PZ7.R33 FIS03542 12/09/2025 10/08/2025 08/27/2025 Books 5